Ακ. Στρογγυλό. γενικής χρήσεως Κ11-15.

Saved in:
Bibliographic Details
Corporate Author: Ελλάς. Υπουργείο Γεωργίας. Δασική Υπηρεσία
Format: Map
Language:Greek
Published: [Χ.τ] : Υπουργείο Γεωργίας, 1991.
Subjects:
Tags: Add Tag
No Tags, Be the first to tag this record!

MARC

LEADER 00000nem a2200000 a 4500
001 1/117740
008 181218s1991 gr ||||| |##|||||||gre||
034 1 |a a  |b 120000 
040 |a GR-MyUa  |b gre  |c GR-MyUa  |e AACR2 
041 0 |a gre 
089 |p M  |a ΥΓΔΧ   |s 1Α-37 
110 1 |a Ελλάς.   |b Υπουργείο Γεωργίας.   |b Δασική Υπηρεσία. 
245 1 0 |a Ακ. Στρογγυλό.   |n Κ11-15.   |h [χάρτης] :   |b γενικής χρήσεως /   |c Υπουργείο Γεωργίας.  
255 |a Κλίμακα 1:20.000 ;   |b ισοδιάστασις 100 μ.  
260 |a [Χ.τ] :   |b Υπουργείο Γεωργίας,   |c 1991. 
300 |a 1 χάρτης :   |b ασπρόμ. ;   |c 81 x 55 εκ. 
500 |a Ορθοφωτοχάρτης.  
500 |a Υπόμνημα στα ελληνικά.  
500 |a Το τοπογραφικό υπόβαθρο προέρχεται από τοπογραφικό χάρτη της Γ.Υ.Σ. Διατηρείται το συγγραφικό δικαίωμα της Γ.Υ.Σ. COPYRIGHT - HMGS.  
500 |a Υπουργείο Αγροτικής Ανάπτυξης και Τροφίμων.  
500 |a Ελληνικό Κτηματολόγιο.  
508 |a Συνετάγησαν υπό των συνεργείων Απογραφής Δασών (Προεπενσυσιακαί μελέται Απογραφής Δασών του Υπουργείου Γεωργίας) βάσει συνθέσεως ορθοφωτογραφιών ληφθεισών δια του ορθοφωτοσκοπίου Τ-64. Τα πληροφοριακά στοιχεία οριογραφήσεως ελήφθησαν υπό των ανωτέρω συνεργείων κατά το έτος 1986 εξ αεροφωτογραφιών λήψεως 1983.  
651 0 |a Andros (Greece : Municipality) 
651 0 |a Andros (Greece : Municipality)  |v Maps. 
651 0 |a Strogyllo (Andros, Greece)  |v Maps. 
655 7 |a Photomaps  |2 lcgft 
852 |a INST  |b LESVOS  |c MAP  |e 20181218  |h M ΥΓΔΧ/1Α-37  |p 005100061736  |q 005100061736  |t MAP  |y 23 
920 |a Εργαστήριο Χαρτογραφίας και Γεωπληροφορικής  |y Λέσβος-ΤΓ  |z 2018 
970 |a Καρά   |b Γιασεμή  |z 18/12/2018